Management: building competitive advantage / (Record no. 4924)
[ view plain ]
| 000 -LEADER | |
|---|---|
| fixed length control field | 01359pam a2200193 a 4500 |
| 020 ## - INTERNATIONAL STANDARD BOOK NUMBER | |
| ISBN | 0256261423 |
| 020 ## - INTERNATIONAL STANDARD BOOK NUMBER | |
| ISBN | 9780256261423 |
| 050 00 - CALL NUMBER | |
| Classification number | HD31 |
| Item number | .B369 |
| 100 1# - AUTHOR | |
| Personal name | Bateman, Thomas S. |
| 245 10 - TITLE | |
| Title | Management: building competitive advantage / |
| Statement of responsibility, etc | Thomas S. Bateman, Scott A. Snell. |
| 250 ## - EDITION | |
| Edition statement | 4th ed. |
| 260 ## - PUBLICATION INFORMATION | |
| Place of publication | Boston : |
| Name of publisher | Irwin/McGraw-Hill, |
| Year of publication | c1999. |
| 300 ## - DESCRIPTION | |
| Number of Pages | xxiv, 642, [52] p. : |
| Other physical details | col. ill. ; |
| Dimensions | 29 cm. |
| 500 ## - NOTES | |
| General note | Includes index |
| 505 ## - FORMATTED CONTENTS NOTE | |
| Table of Content | Part 1 Foundations of Management --<br/>Chapter 1. Mangers and Organizations --<br/>Chapter 2. The External Environment --<br/>Chapter 3. Managerial Decision Making<br/><br/>Part 2<br/>Chapter 4 Planning and Strategic Management --<br/>Chapter 5. Ethics and Corporate Responsibility --<br/>Chapter 6 International Management --<br/>Chapter 7 New Ventures --<br/><br/>Part 3 Organizing and Staffing --<br/>Chapter 8. Organization Structure --<br/>Chapter 9. The Responsive Organization --<br/>Chapter 10. Human Resources Management --<br/>Chapter 11. Managing the Diverse Workforce --<br/><br/>Part 4 Leading --<br/>Chapter 12 Leadership --<br/>Chapter 13 Motivating for Performance --<br/>Chapter 14 Managing Teams --<br/>Chapter 15 Communicating<br/>Part 5. Control and Change<br/>Chapter 16. Managerial Control<br/>Chapter 17. Managing Technology and Innovation<br/>Chapter 18. World Class Futures |
| 650 #0 - SUBJECTS | |
| Topical Term | Management. |
| 700 1# - OTHER AUTHORS | |
| Personal name | Snell, Scott, |
| 942 ## - ADDED ENTRY ELEMENTS (KOHA) | |
| Koha item type | Books |
| Withdrawn status | Lost status | Collection code | Home library | Current library | Shelving location | Date acquired | Full call number | Accession Number | Koha item type |
|---|---|---|---|---|---|---|---|---|---|
| Reference | Methodist University Library Wenchi Faculty | Methodist University Library Wenchi Faculty | General Stacks | HD31 .B369 | 5097 | Books |